EL SENTIDO DEL CINE (Registro nro. 7210)
[ vista simple ]
| 000 -LEADER | |
|---|---|
| fixed length control field | 00429nam a2200181 a 4500 |
| 001 - CONTROL NUMBER | |
| control field | 7210 |
| 005 - DATE AND TIME OF LATEST TRANSACTION | |
| control field | 20230414123547.0 |
| 008 - FIXED-LENGTH DATA ELEMENTS--GENERAL INFORMATION | |
| fixed length control field | 140415s1990 mx 000 0 spa d |
| 041 ## - LANGUAGE CODE | |
| Language code of text/sound track or separate title | spa |
| 082 ## - DEWEY DECIMAL CLASSIFICATION NUMBER | |
| Classification number | 791.43 |
| Item number | EIS |
| 100 1# - MAIN ENTRY--PERSONAL NAME | |
| Personal name | EISENTEIN, SERGEI M. |
| 245 13 - TITLE STATEMENT | |
| Title | EL SENTIDO DEL CINE |
| 250 ## - EDITION STATEMENT | |
| Edition statement | 5ed. |
| 260 ## - PUBLICATION, DISTRIBUTION, ETC. | |
| Place of publication, distribution, etc. | MEXICO : |
| Name of publisher, distributor, etc. | SIGLO VEINTIUNO EDITORES, |
| Date of publication, distribution, etc. | 1990 |
| 300 ## - PHYSICAL DESCRIPTION | |
| Extent | 204 |
| 650 14 - SUBJECT ADDED ENTRY--TOPICAL TERM | |
| Topical term or geographic name entry element | CINE |
| 700 1# - ADDED ENTRY--PERSONAL NAME | |
| Personal name | LACOSTE, NORAH |
| Relator term | tr. |
| Withdrawn status | Lost status | Source of classification or shelving scheme | Damaged status | Not for loan | Collection code | Home library | Current library | Shelving location | Date acquired | Source of acquisition | Inventory number | Total Checkouts | Full call number | Barcode | Date last seen | Price effective from | Koha item type | Total Renewals | Date last checked out |
|---|---|---|---|---|---|---|---|---|---|---|---|---|---|---|---|---|---|---|---|
| Dewey Decimal Classification | General | Biblioteca Karol Wojtyla | Biblioteca Karol Wojtyla | Sala general | 03/12/2013 | Compra | 151000000000000000022554 | 791.43 EIS | 19989 | 05/01/2026 | 03/12/2013 | Libro | |||||||
| Dewey Decimal Classification | General | Biblioteca Karol Wojtyla | Biblioteca Karol Wojtyla | Sala general | 03/12/2013 | Compra | 151000000000000000022553 | 2 | 791.43 EIS | 19988 | 05/01/2026 | 21/10/2017 | Libro | 1 | 22/09/2021 |